| 000 | 01140cad a22002535a 4500 | ||
|---|---|---|---|
| 001 | L150231 | ||
| 008 | 10061 s20100615xxkd f s 000 0 eng d | ||
| 022 | 1 | _a1465-1076 | |
| 035 | _a(Sirsi) u150231 | ||
| 041 | 0 | _aeng | |
| 050 | 0 | 4 | _a333.33 $2 18 |
| 110 | 2 |
_aRoyal Institution of Chartered Surveyors _94900 |
|
| 245 | 0 | 0 |
_aRICS housing market survey United Kingdom _bMay 2010 _h[electronic resource] |
| 260 |
_aLondon _bRICS _c2010 |
||
| 490 |
_aRICS Housing Market Survey United Kingdom _vMay 2010 |
||
| 520 | _aPresents the RICS Housing Market Survey for May 2010. Price balance continues to recover but the sales to stock ratio slips back again. New enquiries remain positive but the abolition of Home Information Packs (HIPs) results in a sharp increase in new instructions. | ||
| 521 | _aAdvanced | ||
| 590 | _aKA | ||
| 650 | 2 | 4 | _aRICS HOUSING MARKET SURVEY UNITED KINGDOM |
| 651 | 4 |
_aUnited Kingdom _y |
|
| 690 | _aPROPERTY-RESIDENTIAL PROPERTY-RESIDENTIAL PROPERTY MARKET | ||
| 856 | 4 | 0 |
_uhttps://www.rics.org/site/download_feed.aspx?fileID=6783&fileExtension=PDF _zView the item free of charge at www.rics.org |
| 942 | _n0 | ||
| 999 |
_c110796 _d110796 |
||